Entre palos y piedras : la reformulación de la etnicidad en Rapanui (Isla de Pascua 1966) /

Bibliographic Details
Format: Analitica de revista
Language:Spanish
Published: San Pedro de Atacama Universidad Católica del Norte 2000

MARC

LEADER 00000cab a2200000 a 4500
001 031521
003 UAHC_CL
005 20170803123352.0
008 050505b xx j 000 1 spa
040 |a UAHC_CL  |c UAHC_CL  |d UAHC_CL 
245 1 0 |a Entre palos y piedras :  |b la reformulación de la etnicidad en Rapanui (Isla de Pascua 1966) /  |c Alejandra M. Grifferos A. 
260 |b Universidad Católica del Norte  |a San Pedro de Atacama  |c 2000 
759 |a PP063 
773 0 |t Estudios Atacameños.  |w 031462 
900 |a ESTUD. ATACAMEÑOS-19/00 
942 |c REVA 
952 |0 0  |1 0  |4 0  |6 ESTUD___ATACAMEÑOS19_00_000000000000000  |7 0  |8 General  |9 61598  |a BC  |b BC  |c General  |d 2017-08-03  |l 0  |o ESTUD. ATACAMEÑOS-19/00  |p FICTICIO2381  |r 2019-01-08 00:00:00  |t 1  |w 2017-08-03  |y REVA 
999 |c 31521  |d 31521